Is one watchdog better than three? International experience with integrated financial sector supervision

Vyjasnenie trendov smerujúcich k integrácii regulácie a dohľadu nad bankami, nebankovými finančnými inštitúciami a trhom s cennými papierami. Medzinárodné skúsenosti s integrovaným dohľadom.

Na minha lista:
Detalhes bibliográficos
Autor principal: Čihák, Martin
Outros Autores: Podpiera, Richard
Formato: Capítulo de Livro
Idioma:inglês
Assuntos:
Tags: Adicionar Tag
Sem tags, seja o primeiro a adicionar uma tag!

MARC

LEADER 00000naa$a2200000$$$4500
001 0045811
005 20231010105927.5
041 0 |a eng 
044 |a CZ 
245 1 0 |a Is one watchdog better than three? International experience with integrated financial sector supervision  |c Martin Čihák, Richard Podpiera 
520 |a Vyjasnenie trendov smerujúcich k integrácii regulácie a dohľadu nad bankami, nebankovými finančnými inštitúciami a trhom s cennými papierami. Medzinárodné skúsenosti s integrovaným dohľadom. 
610 2 0 |a financie medzinárodné 
610 2 0 |a dohľad bankový 
610 2 0 |a integrácia 
610 2 0 |a banky centrálne 
610 2 0 |a spoločnosti finančné 
610 2 0 |a trh kapitálový 
610 2 0 |a banky 
610 2 0 |a modely 
100 1 |a Čihák, Martin 
700 1 |a Podpiera, Richard